Petit Bac: Les Pokémon de type Plante - Statistiques

Statistiques générales
  • Ce quiz a été pris 586 fois
    409 depuis la dernière actualisation
  • Le résultat moyen est 16 sur 20
Statistiques - réponses
Lettre Pokémon % Correct
B Badabouin / Balignon / Banshitrouye / Blancoton / Blindépique / Blizzaroi / Blizzi / Boguérisse / Boskara / Bouldeneu / Boustiflor / Brindibou / Brocélôme / Bulbizarre
100%
F Farfaduet / Feuillajou / Feuiloutan / Floramantis / Floravol / Florizarre / Fongus-Furie / Fragilady
96%
M Macronium / Majaspic / Manternel / Maracachi / Marisson / Massko / Matourgeon / Méganium / Miascarade / Mimantis / Motisma / Mystherbe
94%
C Cabriolaine / Cacnea / Cacturne / Candine / Celebi / Ceribou / Ceriflor / Chapignon / Cheniselle / Chétiflor / Chevroum / Chlorobule / Chongjian / Croquine / Cotovol / Couverdure
91%
H Haydaim / Heliatronc / Herbizarre
90%
T Tengalice / Terracool / Terracruel / Théffroyable / Tokotoro / Torterra / Tortipouss / Tournegrin / Tournicoton / Trompignon / Tropius
89%
G Gaulet / Germignon / Gorythmic / Grainipiot / Granivol / Grindur
87%
V Vacilys / Verpom / Vert-de-fer / Vipélierre / Virevoreur / Viridium / Virovent / Vivaldaim / Voltorbe / Vortente
87%
A Arboliva / Archéduc / Arcko
84%
E Effleche / Electrode / Empiflor
83%
J Joliflor / Jungko
82%
O Ogerpon / Olivado / Ollivini / Ortide / Ouistempo
81%
P Paras / Parasect / Pifeuil / Pimito / Pitrouille / Phyllali / Poltchageist / Pomdorochi / Pomdramour / Pomdrapi / Poussacha
81%
R Rafflesia / Rosélia / Roserade / Rozbouton
75%
L Larveyette / Lianaja / Lillia / Lombre / Ludicolo
74%
N Nénupiot / Noacier / Noadkoko / Noeunoeuf
73%
S Saquedeneu / Scovilain / Shaymin / Sinistrail / Sucreine / Sylveroy
66%
D Desséliande / Dratatin / Doudouvet
56%
Z Zarude
48%
K Katagami
25%
Aucun quiz correspondant
Distribution des résultats
% des personnes avec chaque résultat
Percentile par nombre de réponses
Votre historique - résultats
Vous n’avez pas pris ce quiz depuis la dernière actualisation